Ekonomika a řízení průmyslového podniku

Na minha lista:
Detalhes bibliográficos
Autor principal: Hoffmann, Václav
Corporate Authors: Vysoká škola ekonomická v Praze, Vysoká škola ekonomická v Praze. Výrobně ekonomická fakulta
Formato: Livro
Idioma:tcheco
Publicado em: Praha Státní nakladatelství technické literatury 1988
Edição:1. vyd.
Tags: Adicionar Tag
Sem tags, seja o primeiro a adicionar uma tag!

MARC

LEADER 00000nam a2200000 4500
001 c028309
005 20221219085119.1
041 0 |a cze 
044 |a CZ 
245 1 0 |a Ekonomika a řízení průmyslového podniku  |c Václav Hoffmann a kol. 
250 |a 1. vyd. 
264 1 |a Praha  |b Státní nakladatelství technické literatury  |c 1988 
300 |a 310 s. 
100 1 |a Hoffmann, Václav 
710 2 |a Vysoká škola ekonomická v Praze 
710 2 |a Vysoká škola ekonomická v Praze. Výrobně ekonomická fakulta